Loading...
| Literature - European | 0 | 3 | 0 | 0 | 30 | 53 | 85.33 | 1 | 1 | 7.63 | 14.00 |
| Science - Biology | 0 | 2 | 0 | 1 | 20 | 86 | 91.50 | 0 | 1 | 2.56 | 10.00 |
| Popular Culture | 0 | 2 | 0 | 0 | 20 | 27 | 57.00 | 0 | 2 | 16.78 | 16.67 |
| Religion | 0 | 2 | 0 | 0 | 20 | 94 | 102.50 | 0 | 0 | 3.35 | 4.00 |
| History - European | 0 | 2 | 0 | 0 | 20 | 48 | 68.50 | 0 | 1 | 7.12 | 8.00 |
| Social Science | 0 | 1 | 0 | 0 | 10 | 79 | 79.00 | 0 | 1 | 3.76 | 7.50 |
| Fine Arts - Painting and Sculpture | 0 | 1 | 0 | 0 | 10 | 102 | 102.00 | 0 | 1 | 1.28 | 6.00 |
| History - Other | 0 | 1 | 0 | 0 | 10 | 92 | 92.00 | 0 | 1 | 1.64 | 8.00 |
| Literature - American | 0 | 1 | 0 | 0 | 10 | 60 | 60.00 | 0 | 1 | 4.92 | 6.00 |
| Literature - British | 0 | 1 | 0 | 0 | 10 | 30 | 30.00 | 1 | 1 | 7.30 | 10.00 |
| Philosophy | 0 | 1 | 0 | 0 | 10 | 105 | 105.00 | 0 | 1 | 0.13 | 8.57 |
| Science - Chemistry | 0 | 1 | 0 | 0 | 10 | 50 | 50.00 | 1 | 1 | 5.19 | 10.00 |
| History - World | 0 | 1 | 1 | 1 | 5 | 106 | 106.00 | 0 | 1 | 0.00 | 2.00 |
| Geography | 0 | 1 | 1 | 1 | 5 | 106 | 106.00 | 0 | 0 | 0.00 | 4.00 |
| Mythology | 0 | 1 | 1 | 0 | 5 | 59 | 59.00 | 0 | 1 | 4.64 | 6.00 |
| History - American | 0 | 0 | 1 | 0 | -5 | 0.00 | 0 | 0 | 0.00 | 0.00 | |
| Fine Arts - Other | 0 | 0 | 1 | 0 | -5 | 0.00 | 0 | 0 | 0.00 | 0.00 | |
| Science - Other | 0 | 0 | 1 | 0 | -5 | 0.00 | 0 | 0 | 0.00 | 0.00 |